লোডিং...

USSR :facts and figures.

গ্রন্থ-পঞ্জীর বিবরন
বিন্যাস: Printed Book
প্রকাশিত: New Delhi : Soviet Land Booklets, 1974.
বিষয়গুলি:
LEADER 00420nam a22001217a 4500
082 |a 947.084  |b USS 
245 |a USSR :facts and figures. 
260 |a New Delhi :  |b Soviet Land Booklets,  |c 1974. 
300 |a 230p.; 
650 |a History  |z USSR/Russia  |z Soviet Union. 
942 |c BK 
999 |c 100596  |d 100596 
952 |0 0  |1 0  |4 0  |6 947_084000000000000_USS  |7 0  |9 93995  |a SSS  |b SSS  |c CAS  |d 2012-05-15  |l 0  |o 947.084 USS  |p SSSMK0034  |r 2012-05-15  |w 2012-05-15  |y BK